| 000 | 00753nam a2200205 i 4500 | ||
|---|---|---|---|
| 001 | 122038 | ||
| 003 | ES-MaACL | ||
| 005 | 20231227062634.0 | ||
| 007 | t| | ||
| 008 | 070214s1961 sp h |||| | spa d | ||
| 130 | 0 |
_aPoema del Cid. _9123904 |
|
| 245 | 1 | 0 |
_aPoema de Mío Cid _b: facsímil de la edición paleográfica / _cpor R. Menéndez Pidal. |
| 260 |
_aMadrid : _bDirección General de Archivos y Bibliotecas, _c1961. |
||
| 300 |
_a2 v. ; _c23 cm. |
||
| 534 |
_pReprod. facs. del. _tCódice de Per Abat _lconservado en la Biblioteca Nacional. |
||
| 700 | 1 |
_aMenéndez Pidal, Ramón, _d1869-1968 _980315 |
|
| 710 | 1 |
_aEspaña. _bDirección General de Archivos y Bibliotecas. _93701 |
|
| 852 |
_aES-MaACL _jL-5138-39 |
||
| 999 |
_c122038 _d122038 |
||